| 000 | 01548nam2a2200241 4500 | ||
|---|---|---|---|
| 001 | RU\NLR\BIBL_A\022806929 | ||
| 005 | 20260617104858.0 | ||
| 010 |
_a978-5-93299-661-4 _9500 |
||
| 035 | _a(NLR Aleph) 022806929 | ||
| 090 |
_a13707268 _c13707268 |
||
| 100 | _a20260514d2026 u||y0rusy50 ca | ||
| 101 | 0 | _arus | |
| 102 | _aRU | ||
| 105 | _a||||g|||||||| | ||
| 200 | 0 |
_a... за 2025 год _fП. А. Фоменко, Е. В. Богатырева, И. И. Рассохина _g... [Северо-Западный НИИ молочного и лугопастбищного хозяйства имеи А. С. Емельянова - обособленное подразделение ФГБУН ВолНЦ РАН] |
|
| 210 | _d2026 | ||
| 215 |
_a37 с. _cил., табл. |
||
| 461 | 0 |
_1001RU\NLR\BIBL_A\012095403 _12001#$aХимический состав и питательность кормов Вологодской области ...$e[ежегодное справочное издание]$fИ. В. Гусаров, П. А. Фоменко, Е. В. Богатырева$gФедеральное государственное бюджетное учреждение науки "Вологодский научный центр Российской академии наук"$v... за 2025 год _1700#1$aГусаров$bИ. В.$gИгорь Владимирович |
|
| 701 | 1 |
_aРассохина _bИ. И. _gИрина Игоревна |
|
| 942 | _cBOOK | ||
| 980 | _aNB | ||